[Event "CHN-chB"]
[Site "Qinhuangdao"]
[Date "2017.07.16"]
[Round "2"]
[White "Chen, Qi B"]
[Black "Duan, Xuyang"]
[Result "1-0"]
[WhiteElo "2337"]
[BlackElo "1786"]
[PlyCount "23"]
[EventDate "2017.07.16"]
[EventType "swiss"]
[EventRounds "11"]
[EventCountry "CHN"]
[SourceTitle "CBM 179 Extra"]
[Source "ChessBase"]
[SourceDate "2017.08.23"]
[SourceVersion "1"]
[SourceVersionDate "2017.08.23"]
[SourceQuality "1"]

1. e4 c5 2. Nc3 Nc6 3. Bb5 Nd4 4. Bc4 d6 5. d3 e5 6. Nge2 a6 7. Nxd4 cxd4 8. Nd5 Be6 9. 0-0 Ne7 10. Bg5 h6 11. Qh5 g6 12. Nf6# 1-0